000 00999nas a2200277 4500
001 6293
003 GR-kaGGEEl
005 20220622205358.0
035 _a8997
090 _a6293
100 _a20100513b19471960k y0grey50 ga
101 0 _agre
102 _aCY
106 _ae
110 _ac||| 0|||
200 1 _aΈθνος [εφημερίδα]
_eκαθημερινή πρωινή εφημερίς
_fιδιοκτήτης Θεμιστοκλής Δέρβης
207 0 _aΑρ.φυλ.1 (1 Ιαν.1947) - αρ.φυλ.4160 (25 Σεπτ.1960)
210 _aΛευκωσία
_d1947 - 1960
310 _aΗ βιβλιοθήκη διαθέτει τα εξής: 1958 - 1960
310 _aΗ εφημερίδα είναι δεμένη σε 5 τόμους μεγάλου μεγέθους.
606 1 _aΤύπος, Κυπριακός
_923970
607 _aΚύπρος
_xΕφημερίδες
_916682
676 _a079.5645
942 _cCR